लोड हो रहा है...
Hasanul Bannayude Aatmakatha
| मुख्य लेखक: | |
|---|---|
| स्वरूप: | Printed Book |
| प्रकाशित: |
Islamic publishing house Kozhikode
1974
|
| LEADER | 00376nam a2200157 4500 | ||
|---|---|---|---|
| 082 | |||
| 100 | |a Kabeer,VA | ||
| 245 | |a Hasanul Bannayude Aatmakatha |c Kabeer,VA | ||
| 250 | |||
| 260 | |a Islamic publishing house Kozhikode |c 1974 | ||
| 300 | |||
| 490 | |||
| 650 | |||
| 942 | |c BK | ||
| 999 | |c 188442 |d 188442 | ||
| 952 | |0 0 |1 0 |4 0 |7 0 |9 201791 |a ISL |b ISL |l 0 |p ISL02791 |r 2019-10-28 |w 2019-10-28 |y BK | ||